| 000 | 00424nam a2200169 a 4500 | ||
|---|---|---|---|
| 001 | 9285 | ||
| 003 | CO-ViMGA | ||
| 008 | 141112s2004 ck r 000 u spa d | ||
| 040 |
_aCO-ViMGA _bspa _cCO-ViMGA |
||
| 082 | 0 | 4 | _a335.4 M392 |
| 100 | 1 |
_aMarx ; Karl , _910001 |
|
| 245 | 1 | 0 | _aEl capital. |
| 260 |
_aBarcelona : _bOrbis, _c1967. |
||
| 300 | _a350p. | ||
| 650 | 1 | 4 |
_aEconomía Política, MARXISMO. _910002 |
| 942 |
_2ddc _cBK |
||
| 999 |
_c20818 _d20818 |
||